Statistics for 6-Letter Movie Chain #2

Click here to take the quiz!

General Stats

  • This quiz has been taken 7,267 times
  • The average score is 16 of 24

Answer Stats

Hint Answer % Correct
The second highest-grossing
movie of all-time
Avatar
83%
Colin Firth movie: "The King's ______"Speech
81%
City that had a buyer's clubDallas
80%
Tom Hanks movie: "______ 13"Apollo
79%
Thumper's speciesRabbit
78%
Me ______, you JaneTarzan
77%
Former owner of a "precious" ringGollum
76%
Don Cheadle movie: "Hotel ______"Rwanda
74%
What the Witch of the West wasWicked
73%
Shawshank inmate's goalEscape
73%
Smaug or Norbert, for exampleDragon
71%
The Lady and the Tramp shared a
long one of these
Noodle
71%
Where Ben Stiller spent a nightMuseum
66%
Princess from "Sleeping Beauty";
Latin word for dawn
Aurora
65%
Harry Potter's owlHedwig
64%
Deadly place in the movie "Psycho"Shower
61%
Can make a movie rated RNudity
61%
The Japanese mafiaYakuza
61%
Job title from "Pretty Woman"Escort
60%
Realm of Thor and LokiAsgard
60%
Butch Cassidy or Robin Hood, e.g.Outlaw
59%
Antonym of comedicTragic
50%
Kevin Smith movie about
convenience store employees
Clerks
44%
Giant bug who fought GodzillaMothra
36%

Score Distribution

Percentile by Number Answered

Percent of People with Each Score

Your Score History

You have not taken this quiz